LEADER 02472nam0 22004093i 450 001 BVEE043902 005 20170908093223.0 012 $ainte irr- usen lovo (3) 1682 (R)$2fei 100 $a20130423d1682 ||||0itac50 ba 101 | $afre 102 $anl 181 1$6z01$ai $bxxxe 182 1$6z01$an 200 1 $aLettre à M. L. A. D. C. docteur de Sorbonne. Où il est prouvé par plusieurs raisons tirées de la philosophie, & de la theologie, que les cometes ne sont point le presage d'aucun malheur. Avec plusieurs reflexions morales & politiques, ... 210 $aà Cologne \i.e. Rotterdam!$cchez Pierre Marteau$d1682 215 $a\36!, 574, \2! p.$d12º 300 $aPer il nome dell'A., Pierre Bayle, luogo e sottoscrizione fittizia cfr. BL German, 1600-1700, B434 e NUC pre-1956, v. 40, p. 567) 300 $aSegn.: *¹²2*⁶A-2A¹² 300 $aBianca l'ultima c 300 $aVignetta xil. (sfera armillare) sul front. 316 $aEsemplare mutilo delle carte V5-X11. - C. 2A12 bianca. - Coperta in cuoio con titolo e decorazioni impressi in oro sul dorso e tagli spruzzati in rosso.$5IT-NA0116, MSS E RARISTORIA DELLA SCIENZA B001 620 $dRotterdam$3TO0L002970 700 1$aBayle$b, Pierre$f <1647-1706>$3CFIV062482$4070$0160491 712 02$aMarteau, Pierre$3MILV173329$4650 791 02$aDu Marteau, Pierre$3BVEV064507$zMarteau, Pierre 791 02$aMarteaux, Pierre & Compagnie$3MILV320080$zMarteau, Pierre 791 02$a˜A l'enseigne d'œAgrippa$c $3PARV429743$zMarteau, Pierre 791 02$aDel Martello, Pietro$3TO0V325542$zMarteau, Pierre 791 02$aMartello, Pietro$3TO0V328083$zMarteau, Pierre 791 02$aMartheau, Pierre$3TO0V647246$zMarteau, Pierre 801 3$aIT$bIT-NA0079$c20130423 850 $aIT-NA0116 912 $aBVEE043902 950 0$aBiblioteca dell'INAF - Osservatorio astronomico di Capodimonte$d 78MSS E RARISTORIA DELLA SCIENZA B001$e 78 0000143055 B Esemplare mutilo delle carte V5-X11. - C. 2A12 bianca. - Coperta in cuoio con titolo e decorazioni impressi in oro sul dorso e tagli spruzzati in rosso.$fZ $h20130423$i20130423 977 $a 78 996 $aLettre à M. L. A. D. C. docteur de Sorbonne. Où il est prouvé par plusieurs raisons tirées de la philosophie, & de la theologie, que les cometes ne sont point le presage d'aucun malheur. Avec plusieurs reflexions morales & politiques, ..$91481648 997 $aUNISANNIO LEADER 01863nam 2200445 n 450 001 996386861603316 005 20221108062638.0 035 $a(CKB)1000000000612986 035 $a(EEBO)2240919501 035 $a(UnM)99856489 035 $a(EXLCZ)991000000000612986 100 $a19921009d1607 uy | 101 0 $aeng 135 $aurbn||||a|bb| 200 10$aTriplici nodo, triplex cuneus. Or An apologie for the Oath of allegiance$b[electronic resource] $eagainst the two breues of Pope Paulus Quintus, and the late letter of Cardinal Bellarmine to G. Blackvvel the Arch-priest. Authoritate regia? 210 $aImprinted at London $cBy Robert Barker, printer to the Kings most excellent Maiestie$dAnno 1607 215 $a[4], 112 p 300 $aBy James I. Royal arms on title page verso. 300 $aIncludes translations of the breves and of the letter. 300 $aThe first leaf is blank except for signature-mark "A" in a mortised ornament. 300 $aRunning title reads: An apologie for the oath of allegiance. 300 $aReproduction of the original in the British Library. 330 $aeebo-0018 606 $aOath of allegiance, 1606$vEarly works to 1800 606 $aChurch and state$zEngland$vEarly works to 1800 606 $aCatholics$zEngland$vEarly works to 1800 615 0$aOath of allegiance, 1606 615 0$aChurch and state 615 0$aCatholics 700 $aJames$cKing of England,$f1566-1625.$01001019 701 $aPaul$cPope,$f1552-1621.$01003355 701 $aBellarmino$b Roberto Francesco Romolo$cSaint,$f1542-1621.$0483296 801 0$bCu-RivES 801 1$bCu-RivES 801 2$bCStRLIN 801 2$bWaOLN 906 $aBOOK 912 $a996386861603316 996 $aTriplici nodo, triplex cuneus. Or An apologie for the Oath of allegiance$92422785 997 $aUNISA LEADER 01723nam 2200337Ia 450 001 996389370103316 005 20221108055545.0 035 $a(CKB)4940000000094486 035 $a(EEBO)2240864055 035 $a(OCoLC)62369339 035 $a(EXLCZ)994940000000094486 100 $a20051129d1682 uy 0 101 0 $aeng 135 $aurbn||||a|bb| 200 12$aA practial grammar, or, The easiest and shortest way to initiate young children in the Latin tongue$b[electronic resource] $eby the help whereof, a child of seven years old may learn more of the grounds of that language in three months, than is ordinarily learn'd in one year's space by those of greater age, in common grammar schools /$fPublished for the use of such as love not to be tedious. To which are added, tables of Mr. Walker's Particles by the assistance where of young scholars may be better enabled to peruse that excellent and most useful treatise by J. Philomath 210 $aLondon $cPrinted by Henry Hills, for Thomas Cockerill, at the Three Leggs, over against the Stocks-Market$d1682 215 $a[4], 89 p 300 $aReproduction of original in: British Library. 330 $aeebo-0018 606 $aLatin language$xGrammar$vEarly works to 1800 606 $aLatin language$xStudy and teaching$vEarly works to 1800 615 0$aLatin language$xGrammar 615 0$aLatin language$xStudy and teaching 700 $aPhilomath$b J$01014601 701 $aWalker$b William$f1623-1684.$01002630 801 0$bUMI 801 1$bUMI 906 $aBOOK 912 $a996389370103316 996 $aA practial grammar. Or, the easiest and shortest way to initiate young children in the Latin tongue$92365049 997 $aUNISA